| 000 | 01794nam a2200421 a 4500 | ||
|---|---|---|---|
| 001 | ebr10700292 | ||
| 003 | CaPaEBR | ||
| 006 | m o u | ||
| 007 | cr cn||||||||| | ||
| 008 | 150303s2001 wiuao sb 001 0 eng d | ||
| 020 | _z9780299173944 | ||
| 020 | _z9780299173937 (e-book) | ||
| 040 |
_aCaPaEBR _cCaPaEBR |
||
| 035 | _a(OCoLC)606603373 | ||
| 043 |
_an-us--- _af-sa--- |
||
| 050 | 1 | 4 |
_aE184.A1 _b.S664 2001eb |
| 082 | 0 | 4 |
_a305.800973 _221 |
| 100 | 1 | _aSmith McKoy, Sheila. | |
| 245 | 1 | 0 |
_aWhen whites riot _h[electronic resource] : _bwriting race and violence in American and South African cultures / _cSheila Smith McKoy. |
| 260 |
_aMadison, Wis. : _bUniversity of Wisconsin Press, _cc2001. |
||
| 300 |
_a1 online resource (xii, 170 p.) : _bill., photographs. |
||
| 504 | _aIncludes bibliographical references and index. | ||
| 533 |
_aElectronic reproduction. _bPalo Alto, Calif. : _cebrary, _d2015. _nAvailable via World Wide Web. _nAccess may be limited to ebrary affiliated libraries. |
||
| 588 | _aDescription based on online resource; title from title page (ebrary, viewed May 24, 2013). | ||
| 650 | 0 |
_aWhites _zUnited States _xHistory. |
|
| 650 | 0 |
_aRiots _zUnited States _xHistory. |
|
| 650 | 0 |
_aRacism _zUnited States. |
|
| 650 | 0 |
_aMass media and race relations _xUnited States. |
|
| 650 | 0 |
_aWhites _zSouth Africa _xHistory. |
|
| 650 | 0 |
_aRiots _zSouth Africa _xHistory. |
|
| 650 | 0 |
_aRacism _zSouth Africa. |
|
| 650 | 0 |
_aMass media and race relations _zSouth Africa. |
|
| 651 | 0 |
_aUnited States _xRace relations. |
|
| 651 | 0 |
_aSouth Africa _xRace relations. |
|
| 655 | 7 |
_aElectronic books. _2local |
|
| 710 | 2 | _aebrary, Inc. | |
| 856 | 4 | 0 |
_uhttp://site.ebrary.com/lib/rucke/Doc?id=10700292 _zAn electronic book accessible through the World Wide Web; click to view |
| 999 |
_c7076 _d7076 |
||